Современная филиппинская новелла: 60-70 годы; сборник; пер. с англ., тагальск.; Темная сторона луны; Безжалостный город; Чужая; Сухое дерево - зеленый баньян; Четыре истории о любви; Что бы ни случилось...; Дурная примета в Пантабангане; История Сапанг-Бато; В крови Таны; Собака и пятеро щенят; О Лайзе; Освобождение Эдьи; Вьетнам не за морями; Рис; Последняя станка; В когтях орла; Спроси свою мечту; Кровь штрейкбрейкера; Ярость; Герой праздника; Черный Импен; Речной дьявол; Желтая шаль; Пополам; Ветер над землей; Бандит и сборщик налогов; Богач в нашей семье; Обед с королем; Мудрость дядюшки Сатора; Таковы люди; Тупада; Новогодний рассказ; День одинокой женщины; Молодой человек в сумерках; Соленые хлебцы; Поцелуй Иуды; Люди на войне; Письмо эмигранту; Филиппинская трагедия; Я, Сулейман; Рисовая водка; В день приезда танцоров; В канун майского дня

Bibliografiske detaljer
Andre forfattere: Макаренко В. (составитель)
Summary:В сборнике представлены лучшие новеллы, принадлежащие перу писателей рапных поколений. Разнообразные по стилю и авторской манере произведения отражают самые жгучие политические, социальные и нравственные проблемы, волнующие современных филиппинцев. Сборник поделен на два раздела - "Тагальская новелла" и "Англоязычная новелла" Большинство рассказов публикуется на русском языке впервые.
Sprog:russisk
Udgivet: Москва, Радуга, 1984
TOC:Темная сторона луны; Безжалостный город;
Чужая;
Сухое дерево - зеленый баньян;
Четыре истории о любви;
Что бы ни случилось...;
Дурная примета в Пантабангане; История Сапанг-Бато;
В крови Таны; Собака и пятеро щенят;
О Лайзе; Освобождение Эдьи;
Вьетнам не за морями;
Рис;
Последняя станка;
В когтях орла;
Спроси свою мечту;
Кровь штрейкбрейкера; Ярость;
Герой праздника;
Черный Импен;
Речной дьявол;
Желтая шаль; Пополам;
Ветер над землей;
Бандит и сборщик налогов; Богач в нашей семье; Обед с королем; Мудрость дядюшки Сатора; Таковы люди;
Тупада; Новогодний рассказ; День одинокой женщины; Молодой человек в сумерках;
Соленые хлебцы;
Поцелуй Иуды;
Люди на войне;
Письмо эмигранту; Филиппинская трагедия; Я, Сулейман;
Рисовая водка;
В день приезда танцоров;
В канун майского дня;
Fag:
Format: MixedMaterials Bog
KOHA link:https://koha.lib.tpu.ru/cgi-bin/koha/opac-detail.pl?biblionumber=359783

MARC

LEADER 00000nam0a2200000 4500
001 359783
005 20231102011223.0
035 |a (RuTPU)RU\TPU\retro\17084 
090 |a 359783 
100 |a 20210111d1984 m y0rusy50 ca 
101 1 |a rus  |c eng 
102 |a RU 
105 |a y z 000ay 
200 1 |a Современная филиппинская новелла  |e 60-70 годы  |e сборник  |e пер. с англ., тагальск.  |f сост. В. Макаренко 
210 |a Москва  |c Радуга  |d 1984 
215 |a 432 с. 
330 |a В сборнике представлены лучшие новеллы, принадлежащие перу писателей рапных поколений. Разнообразные по стилю и авторской манере произведения отражают самые жгучие политические, социальные и нравственные проблемы, волнующие современных филиппинцев. Сборник поделен на два раздела - "Тагальская новелла" и "Англоязычная новелла" Большинство рассказов публикуется на русском языке впервые. 
464 |t Темная сторона луны; Безжалостный город 
464 |t Чужая 
464 |t Сухое дерево - зеленый баньян 
464 |t Четыре истории о любви 
464 |t Что бы ни случилось... 
464 |t Дурная примета в Пантабангане; История Сапанг-Бато 
464 |t В крови Таны; Собака и пятеро щенят 
464 |t О Лайзе; Освобождение Эдьи 
464 |t Вьетнам не за морями 
464 |t Рис 
464 |t Последняя станка 
464 |t В когтях орла 
464 |t Спроси свою мечту 
464 |t Кровь штрейкбрейкера; Ярость 
464 |t Герой праздника 
464 |t Черный Импен 
464 |t Речной дьявол 
464 |t Желтая шаль; Пополам 
464 |t Ветер над землей 
464 |t Бандит и сборщик налогов; Богач в нашей семье; Обед с королем; Мудрость дядюшки Сатора; Таковы люди 
464 |t Тупада; Новогодний рассказ; День одинокой женщины; Молодой человек в сумерках 
464 |t Соленые хлебцы 
464 |t Поцелуй Иуды 
464 |t Люди на войне 
464 |t Письмо эмигранту; Филиппинская трагедия; Я, Сулейман 
464 |t Рисовая водка 
464 |t В день приезда танцоров 
464 |t В канун майского дня  |a Хоакин, Ник 
606 1 |a Малайско-полинезийская литература  |2 stltpush  |3 (RuTPU)RU\TPU\subj\40945  |9 60771 
610 1 |a художественная литература 
610 1 |a филиппинская литература 
610 1 |a новеллы 
610 1 |a 20 век 
675 |a 899.2  |v 4 
702 1 |a Макаренко  |b В.  |4 220 
801 1 |a RU  |b 63413507  |c 20210111 
801 2 |a RU  |b 63413507  |c 20220120  |g RCR 
942 |c BK